Statistics for Random Images Quiz

Click here to take the quiz!

General Stats

  • This quiz has been taken 40 times
  • The average score is 10 of 15

Answer Stats

Answer% Correct
Mona Lisa
100%
FireFox
97%
Rubik’s Cube
86%
Titanic
86%
Hopscotch
76%
Hourglass
73%
Mark Zuckerburg
73%
Shuttlecock
73%
Toblerone
70%
New York
65%
Nelson Mandela’s Forehead
59%
Toronto
59%
Mount Fuji
51%
Fiji
46%
Voyager
8%

Score Distribution

Percentile by Number Answered

Percent of People with Each Score

Your Score History

You have not taken this quiz